00460nam a22001577a 450000500170000000800410001702000150005804000210007304100080009408200220010210000350012424500540015926000310021330000100024465000480025420241204070743.0241204b |||||||| |||| 00| 0 eng d a8189003593 aIN-DiNCcIN-DiNC dasm a398.20954162bBEZ aBezbaruah, Lakshminatheauthor aKakadeuta aru natilora/cby Lakshminath Bezbaruah aGuwahati:bAnwesha,c2012. a116p. aAssamese folktales by Lakshminath Bezbaruah